LEADER 01226nam2-2200385---450 001 990005585470203316 005 20190403124908.0 035 $a000558547 035 $aUSA01000558547 035 $a(ALEPH)000558547USA01 035 $a000558547 100 $a19981214d1982----|||y0itaa50------ba 101 $ager 102 $ade 105 $a0 00||| 200 1 $a<> Soziologie und Geschichte$eGesammelte Abhandlungen zur Soziologie, Politik und Theorie der Geschichte$fOtto Hintze$gherausgegeben und eingeleitet von Gerhard Oestreich 205 $a3.$bunver. Auflage 210 $aGöttingen$cVandenhoeck & Ruprecht$d1982 215 $a543 p.$d25 cm. 461 0$1001000558546$12001$aGesammelte Abhandlungen$v2 620 $dGOTTINGEN 676 $a320.01 700 1$aHINTZE,$bOtto$0143908 702 1$aOESTREICH,$bGerhard 801 0$aIT$bSA$c20111219 912 $a990005585470203316 950 0$aDipar.to di Filosofia - Salerno$dDFAA 320.01 HIN$e2524 FIL 951 $aAA 320.01 HIN$b2524 FIL 959 $aBK 969 $aFIL 979 $c20121027$lUSA01$h1525 979 $c20121027$lUSA01$h1614 996 $aSoziologie und Geschichte$9731962 997 $aUNISA NUM $aSA0001445